| 000 | 01005cam a22002533a 4500 | ||
|---|---|---|---|
| 001 | 24400 | ||
| 003 | PGUSA | ||
| 005 | 20140828083524.0 | ||
| 008 | 080122s2008||||xxu|||||s|||||000 | eng d | ||
| 040 |
_aPGUSA _beng |
||
| 042 | _adc | ||
| 050 | 4 | _aF975 | |
| 100 | 1 |
_aAbbott, John S. C. _q(John Stevens Cabot), _d1805-1877 |
|
| 245 | 1 | 4 |
_aThe Adventures of the Chevalier De La Salle and His Companions, in Their Explorations of the Prairies, Forests, Lakes, and Rivers, of the New World, and Their Interviews with the Savage Tribes, Two Hundred Years Ago _h[electronic resource] / _cJohn S. C. Abbott |
| 260 |
_bProject Gutenberg, _c2008 |
||
| 506 | _aPublic domain in the USA. | ||
| 516 | _aElectronic text | ||
| 653 | _aMississippi River Valley -- Discovery and exploration | ||
| 653 | _aNew France -- Discovery and exploration | ||
| 653 | _aLa Salle, Robert Cavelier, sieur de, 1643-1687 | ||
| 830 | 0 |
_aProject Gutenberg _v24400 |
|
| 856 | 4 | 0 | _uhttp://www.gutenberg.org/ebooks/24400 |
| 942 | _cEB | ||
| 999 |
_c253655 _d253655 |
||